| 000 | 02278cam a22005054i 4500 | ||
|---|---|---|---|
| 003 | PE-LiUPU | ||
| 005 | 20250731165514.0 | ||
| 008 | 150623s r 000 0 d | ||
| 020 | _a1841271810 | ||
| 035 | _a(Sirsi) i9781841271811 | ||
| 040 |
_aPE-LiUPU _bspa _cPE-LiUPU _erda |
||
| 049 | _aPRUA | ||
| 082 | 0 | 4 |
_a221.07 _bJ _221 |
| 100 | 1 |
_aSalyer, Gary D., _eautor. |
|
| 245 | 1 | 0 |
_aVain rhetoric : _bprivate insight and public debate in Ecclesiastes. _n327 / _cGary D. Salyer. |
| 264 | 1 |
_aSheffield, England : _bSheffield Academic Press, _c2001. |
|
| 300 |
_a448 páginas ; _c24 centímetros |
||
| 336 |
_atext _2rdacontent |
||
| 337 |
_aunmediated _2rdamedia |
||
| 338 |
_avolume _2rdacarrier |
||
| 490 | 0 |
_aJournal for the study of the Old Testament. Supplement series ; _v327 |
|
| 504 | _aIncluye bibliografía. | ||
| 505 | 0 | _aProlegomena: toward a theory of reading scriptural texts. -Reading Ecclesiastes as a first-person scriptural text. -The epistemological spiral: the ironic use of public and private knowledge in the narrative presentation of Qoheleth. -Robust reticence and the rhetoric of the self: reader relationships and the use of first-person discourse in Ecclesiastes 1.1-6.9. -A rhethoric of subversive subtlety: the effect of Qoheleth´s first-person discourse on reader relationships in ecclesiastes 6.10-12.14. -Vain rhetoric: some conclusions. | |
| 526 | _aSEG44 | ||
| 526 | _aSEG26 | ||
| 526 | _aP151 | ||
| 526 | _aP150 | ||
| 526 | _aP149 | ||
| 526 | _aP146 | ||
| 526 | _aP145 | ||
| 526 | _aP126 | ||
| 526 | _aP125 | ||
| 526 | _aP92 | ||
| 526 | _aP75 | ||
| 526 | _aP74 | ||
| 526 | _aP27 | ||
| 526 | _aP15 | ||
| 630 |
_aBiblia. _pA.T. _pEclesiastés _xComentarios. |
||
| 942 |
_2ddc _cBOOK |
||
| 949 |
_aRC 221.07 J 327 _wDEWEY _c1 _i49141 _lCCODEBUL1 _mBUL _r0 _sY _tBOOK _u2015-6-24 _xTEOLOGIA _PP35 _0COMPRA _o.CIRCNOTE. No olvidar cambiar la fecha de devolución!!!!!!! _o.STAFF. Colección General |
||
| 994 |
_aC0 _bPEPRU |
||
| 596 | _a1 | ||
| 999 |
_aRC 221.07 J 327 _wDEWEY _c28289 _i49141 _f2021-11-8 _g6 _lCCODEBUL1 _mBUL _r1 _sY _tBOOK _u2015-6-24 _xTEOLOGIA _PP35 _0COMPRA _o.CIRCNOTE. No olvidar cambiar la fecha de devolución!!!!!!! _o.STAFF. Colección General _d28289 |
||
| 980 |
_81 _gALBERTO SANCHEZ Responsable de Automatización |
||